| 000 | 01389cam a2200361 a 4500 | ||
|---|---|---|---|
| 001 | 16935142 | ||
| 005 | 20161119150233.0 | ||
| 008 | 110825s2012 nyu d 000 1 eng | ||
| 010 | _a 2011024857 | ||
| 020 | _a978-1-4231-5288-0 | ||
| 040 |
_aDLC _cDLC _dDLC |
||
| 042 |
_alcac _apcc |
||
| 050 | 0 | 0 |
_aPZ7.W4358 _bCp 2012 |
| 082 | 0 | 0 |
_aDFic _22012 _bW43c |
| 100 | 1 | _aWein, Elizabeth. | |
| 245 | 1 | 0 |
_aCode name Verity / _cElizabeth Wein. |
| 250 | _a1st U.S. ed. | ||
| 260 |
_aNew York : _bHyperion, _cc2012. |
||
| 300 |
_a343 pages ; _c22 cm. |
||
| 500 | _aCompanion book to: Rose under fire. | ||
| 520 | _aIn 1943, a British fighter plane crashes in Nazi-occupied France and the survivor tells a tale of friendship, war, espionage, and great courage as she relates what she must to survive while keeping secret all that she can. | ||
| 650 | 1 |
_aAir pilots _vFiction. |
|
| 650 | 1 |
_aWorld War, 1939-1945 _vFiction. |
|
| 650 | 1 |
_aFriendship _vFiction. |
|
| 650 | 1 |
_aNazis _vFiction. |
|
| 650 | 1 |
_aSpies _vFiction. |
|
| 650 | 1 |
_aInsurgency _vFiction. |
|
| 651 | 1 |
_aGreat Britain _xHistory _yGeorge VI, 1936-1952 _vFiction. |
|
| 651 | 1 |
_aFrance _xHistory _yGerman occupation, 1940-1945 _vFiction. |
|
| 906 |
_a7 _bcbc _corignew _d1 _eecip _f20 _gy-gencatlg |
||
| 942 |
_2ddc _cDFIC |
||
| 999 |
_c5800 _d5800 |
||